Reflejos y pinceladas (Record no. 147958)

MARC details
000 -LEADER
campo de control de longitud fija 00512nam a2200169 4500
001 - NÚMERO DE CONTROL
campo de control 147958
003 - IDENTIFICADOR DE NÚMERO DE CONTROL
campo de control ES-MaACL
005 - FECHA Y HORA DE LA ÚLTIMA TRANSACCIÓN
campo de control 20250823063110.0
007 - CAMPO FIJO DE DESCRIPCIÓN FÍSICA--INFORMACIÓN GENERAL
campo de control de longitud fija t|
008 - DATOS DE LONGITUD FIJA--INFORMACIÓN GENERAL
campo de control de longitud fija 070214s1949 sp r ||||1| spa d
100 1# - ENTRADA PRINCIPAL--NOMBRE DE PERSONA
Nombre de persona Spínola de Gironza, Araceli
9 (RLIN) 107749
245 10 - MENCIÓN DEL TÍTULO
Título Reflejos y pinceladas
Resto del título : poesías /
Mención de responsabilidad, etc. Araceli Spinola de Gironza.
260 ## - PUBLICACIÓN, DISTRIBUCIÓN, ETC.
Lugar de publicación, distribución, etc. Madrid :
Nombre del editor, distribuidor, etc. [s. n.],
Fecha de publicación, distribución, etc. 1949 (
Fabricante Gráf. Nebrija)
300 ## - DESCRIPCIÓN FÍSICA
Extensión 109 p. ;
Dimensiones 18 cm.
852 ## - LOCALIZACIÓN
Ubicación ES-MaACL
Número de control de estantería 1894-F-4
Sublocalización o colección R.26872
Holdings
Estatus retirado Estado de pérdida Estado de daño No para préstamo Colección Biblioteca de origen Biblioteca actual Ubicación en estantería Fecha de adquisición Fuente de adquisición Total de préstamos Signatura topográfica completa Código de barras Visto por última vez Precio de reemplazo Tipo de ítem Koha
        Colección de folletos Biblioteca del Ateneo de Madrid Biblioteca del Ateneo de Madrid Depósito folletos 17/01/2008     1894-F-4 1154411 23/02/2023 23/02/2023 Folleto